000
00312cam a22001217a 4500
008
180718b1956 xxu||||| |||| 00| 0 eng d
082
_a
T16x73 P126
100
_a
Packel, Israel
245
_a
The law of cooperatives
_c
by Israel Packel
260
_a
New York
_b
Matthew
_c
1956
300
_a
xii,436p.
650
_a
Law
999
_c
435207
_d
435207